<?xml version='1.0' encoding='UTF-8'?>
  <record xmlns="http://www.loc.gov/MARC21/slim">
    <leader>00000cam a22000007i 4500</leader>
    <controlfield tag="001">on1474458337</controlfield>
    <controlfield tag="003">OCoLC</controlfield>
    <controlfield tag="005">20241216081944.4</controlfield>
    <controlfield tag="008">241128s1582    ne            000 0 dut d</controlfield>
    <datafield tag="040" ind1=" " ind2=" ">
      <subfield code="a">QGJ</subfield>
      <subfield code="b">eng</subfield>
      <subfield code="e">rda</subfield>
      <subfield code="e">dcrmr</subfield>
      <subfield code="c">QGJ</subfield>
      <subfield code="d">OCLCO</subfield>
      <subfield code="d">QGJ</subfield>
    </datafield>
    <datafield tag="026" ind1=" " ind2=" ">
      <subfield code="e">158204 - b1 A2 n$H: b2 I4 e$vo</subfield>
      <subfield code="2">stcnf</subfield>
    </datafield>
    <datafield tag="035" ind1=" " ind2=" ">
      <subfield code="a">(OCoLC)1474458337</subfield>
    </datafield>
    <datafield tag="041" ind1="1" ind2=" ">
      <subfield code="a">dut</subfield>
      <subfield code="h">ger</subfield>
    </datafield>
    <datafield tag="100" ind1="1" ind2=" ">
      <subfield code="a">Bullinger, Heinrich,</subfield>
      <subfield code="d">1504-1575,</subfield>
      <subfield code="e">author.</subfield>
      <subfield code="4">aut</subfield>
      <subfield code="1">https://id.oclc.org/worldcat/entity/E39PBJf48rXRVDfXF3D63rgVG3</subfield>
    </datafield>
    <datafield tag="240" ind1="0" ind2="0">
      <subfield code="a">Von der schweren, langwirigen Vervolgung der Heiligen Christlichen Kirchen.</subfield>
      <subfield code="l">Dutch</subfield>
    </datafield>
    <datafield tag="245" ind1="1" ind2="4">
      <subfield code="a">Een seer schoon troostelick Boeck vande sware, langh-duerige veruolghinghe der heyliger Christelicker Kercke: daerbeneuen van de oorsaken der veruolghinghe :</subfield>
      <subfield code="b">Item een vermaninghe tot gedult ende bestendicheyt, midtsgaders een verhalinge der wrake ende straffe Gods teghen de veruolgers. /</subfield>
      <subfield code="c">Beschreuen door Heinrychum Bullingerum. Dienaer der Kercken tot Zurich. Ende nu eerstelick om der grooter nutticheyts wille uut den Hoogduytschen in onse Nederduytsche sprake ouergheset.</subfield>
    </datafield>
    <datafield tag="246" ind1="3" ind2="0">
      <subfield code="a">Een seer schoon troostelick Boeck vande sware, langh-duerige vervolghinghe der heyliger Christelicker Kercke</subfield>
    </datafield>
    <datafield tag="246" ind1="3" ind2="0">
      <subfield code="a">Een seer schoon troostelick Boeck</subfield>
    </datafield>
    <datafield tag="264" ind1=" " ind2="1">
      <subfield code="a">Dordrecht :</subfield>
      <subfield code="b">by Jan Canin,</subfield>
      <subfield code="c">1582.</subfield>
    </datafield>
    <datafield tag="300" ind1=" " ind2=" ">
      <subfield code="a">[3], 65 leaves ;</subfield>
      <subfield code="c">19 cm (4to)</subfield>
    </datafield>
    <datafield tag="336" ind1=" " ind2=" ">
      <subfield code="a">text</subfield>
      <subfield code="b">txt</subfield>
      <subfield code="2">rdacontent</subfield>
    </datafield>
    <datafield tag="337" ind1=" " ind2=" ">
      <subfield code="a">unmediated</subfield>
      <subfield code="b">n</subfield>
      <subfield code="2">rdamedia</subfield>
    </datafield>
    <datafield tag="338" ind1=" " ind2=" ">
      <subfield code="a">volume</subfield>
      <subfield code="b">nc</subfield>
      <subfield code="2">rdacarrier</subfield>
    </datafield>
    <datafield tag="340" ind1=" " ind2=" ">
      <subfield code="m">4to</subfield>
      <subfield code="2">rdabf</subfield>
    </datafield>
    <datafield tag="500" ind1=" " ind2=" ">
      <subfield code="a">Publication statement from imprint, which reads: Ghedruckt inde Vermaerde Coopstadt Dordrecht by Jan Canin. 1582.</subfield>
    </datafield>
    <datafield tag="500" ind1=" " ind2=" ">
      <subfield code="a">Continuation of title: Dese beschrijuinge begrijpt alle veruolginge der heyliger Christelicker Kercke vander gheboorte onses Heeren Jesu Christi aen tot dese onse gheuaerlicke ende jammerlicke laetste tijden. Ende is daerom sonderlinghe nut ende nootwendich te lesen.</subfield>
    </datafield>
    <datafield tag="500" ind1=" " ind2=" ">
      <subfield code="a">Translation of Heinrich Bullinger's "Veruolgung. Von der schweren, langwirigen Vervolgung der Heiligen Christlichen Kirchen" from 1573.</subfield>
    </datafield>
    <datafield tag="500" ind1=" " ind2=" ">
      <subfield code="a">Part of "De Openbaringhe Jesu Christi"; the Dutch translation of Bullinger's work "In apocalypsin Jesu Christi conciones centum" from 1557.</subfield>
    </datafield>
    <datafield tag="500" ind1=" " ind2=" ">
      <subfield code="a">Signatures: A-H⁸ I⁴.</subfield>
    </datafield>
    <datafield tag="500" ind1=" " ind2=" ">
      <subfield code="a">With printer's device on title page.</subfield>
    </datafield>
    <datafield tag="500" ind1=" " ind2=" ">
      <subfield code="a">Text printed in two columns.</subfield>
    </datafield>
    <datafield tag="500" ind1=" " ind2=" ">
      <subfield code="a">With initials, tailpiece and printed marginalia.</subfield>
    </datafield>
    <datafield tag="510" ind1="4" ind2=" ">
      <subfield code="a">Short-Title Catalogue Netherlands,</subfield>
      <subfield code="c">055926096</subfield>
      <subfield code="u">https://data.cerl.org/stcn/055926096</subfield>
    </datafield>
    <datafield tag="510" ind1="4" ind2=" ">
      <subfield code="a">Heinrich Bullinger Bibliographie,</subfield>
      <subfield code="c">578</subfield>
    </datafield>
    <datafield tag="510" ind1="4" ind2=" ">
      <subfield code="3">Bullinger Heinrich. De Openbaringhe Jesu Christi :</subfield>
      <subfield code="a">Short-Title Catalogue Netherlands,</subfield>
      <subfield code="c">055925669</subfield>
      <subfield code="u">https://data.cerl.org/stcn/055925669</subfield>
    </datafield>
    <datafield tag="650" ind1=" " ind2="0">
      <subfield code="a">Persecution</subfield>
      <subfield code="x">History.</subfield>
    </datafield>
    <datafield tag="650" ind1=" " ind2="0">
      <subfield code="a">Persecution</subfield>
      <subfield code="x">History</subfield>
      <subfield code="v">Early works to 1800.</subfield>
    </datafield>
    <datafield tag="650" ind1=" " ind2="0">
      <subfield code="a">Zwinglianism.</subfield>
    </datafield>
    <datafield tag="650" ind1=" " ind2="0">
      <subfield code="a">Reformation.</subfield>
    </datafield>
    <datafield tag="650" ind1=" " ind2="6">
      <subfield code="a">Réforme (Christianisme)</subfield>
    </datafield>
    <datafield tag="650" ind1=" " ind2="7">
      <subfield code="a">Reformation.</subfield>
      <subfield code="2">aat</subfield>
    </datafield>
    <datafield tag="655" ind1=" " ind2="7">
      <subfield code="a">Early works</subfield>
      <subfield code="2">fast</subfield>
    </datafield>
    <datafield tag="700" ind1="1" ind2=" ">
      <subfield code="a">Canin, Jan,</subfield>
      <subfield code="d">1534-</subfield>
      <subfield code="e">printer.</subfield>
      <subfield code="4">prt</subfield>
      <subfield code="1">https://id.oclc.org/worldcat/entity/E39PCjJJ6Xx8mhjMwjGQjhbY4C</subfield>
    </datafield>
    <datafield tag="700" ind1="1" ind2="2">
      <subfield code="i">Container of (expression):</subfield>
      <subfield code="a">Bullinger, Heinrich,</subfield>
      <subfield code="d">1504-1575.</subfield>
      <subfield code="t">In Apocalypsim Jesu Christi, revelatam quidem, per angelum Domini, visam vero vel exceptam atque conscriptam a Joanne Apostolo et Euangelista, conciones centum.</subfield>
      <subfield code="l">Dutch.</subfield>
    </datafield>
    <datafield tag="752" ind1=" " ind2=" ">
      <subfield code="a">Netherlands</subfield>
      <subfield code="d">Dordrecht,</subfield>
      <subfield code="e">publication place.</subfield>
      <subfield code="4">pup</subfield>
    </datafield>
    <datafield tag="765" ind1="0" ind2="8">
      <subfield code="i">Translation of :</subfield>
      <subfield code="a">Bullinger, Heinrich.</subfield>
      <subfield code="t">Veruolgung. Von der schweren, langwirigen Vervolgung der Heiligen Christlichen Kirchen.</subfield>
      <subfield code="d">Zurich : Christoph Froschauer, 1573</subfield>
    </datafield>
    <datafield tag="776" ind1="0" ind2=" ">
      <subfield code="t">Een seer schoon troostelick boeck vande sware, langh-duerige vervolghinghe der heyliger christelicker kercke, daerbeneven van de oorsaken der vervolghinghe</subfield>
      <subfield code="w">(NL-LeOCL)425973948</subfield>
    </datafield>
  </record>